00620nam a2200205Ia 4500003000400000005001700004008004100021020001800062040000700080041000800087082001500095100002400110245004300134260003900177300000900216650002700225942001300252999001900265952013000284OSt20250912144038.0250729s2005 xx 000 0 und d a9788176486989 cAL aeng a930.7 DHAR aGupta Kumar9222500 aResearch in teaching of social science aNew DelhibAshish Publishingc2005 a210p aSocial Studies9222501 2ddccBED c235492d235492 00104070aALbALd2025-07-29eSita Book Houseg100.00l0o930.7 DHARpBED00811r2025-07-29 16:54:02v100.00w2025-07-29yBK